[Event "TCh-FRA Top 16 GpB 2023"]
[Site "Chartres FRA"]
[Date "2023.06.04"]
[Round "4.2"]
[Board "2"]
[White "Ganguly, Surya Shekhar"]
[Black "Marcelin, Cyril"]
[Result "0-1"]
[WhiteTitle "GM"]
[BlackTitle "GM"]
[WhiteElo "2587"]
[BlackElo "2443"]
[WhiteTeam "Metz Fischer"]
[BlackTeam "THF - St Quentin"]
[WhiteFideId "5002150"]
[BlackFideId "607274"]
[EventDate "2023.06.01"]

1. e4 c6 2. d4 d5 3. e5 Bf5 4. Nf3 e6 5. Be2 Nd7 6. O-O a5 7. a4 f6 8. Bf4 fxe5
9. dxe5 Bc5 10. Nbd2 Ne7 11. Nb3 O-O 12. Nxc5 Nxc5 13. Nd4 Bd3 14. Be3 Bxe2 15.
Qxe2 Qd7 16. c3 b6 17. Qc2 Na6 18. Rad1 c5 19. Nb5 Nc7 20. Nd6 Nf5 21. Nxf5 exf5
22. f4 Qc6 23. Rd2 Rad8 24. Qd1 Rd7 25. b3 Qe6 26. Qf3 Rfd8 27. Rfd1 d4 28. cxd4
Qxb3 29. dxc5 Rxd2 30. Rxd2 Rxd2 31. Bxd2 Qxf3 32. gxf3 Nd5 33. Kf2 Kf7 34. Ke2
bxc5 35. Bxa5 Nxf4+ 36. Kd2 Ke6 37. Kc3 Ng6 38. Bc7 Nxe5 39. a5 Nc6 40. a6 Nb4
41. a7 Nd5+ 42. Kc4 Nxc7 43. Kxc5 g5 44. Kc6 Na8 45. Kb7 Kd7 46. Kxa8 Kc7 47. h3
Kc8 48. h4 g4 49. h5 g3 0-1

[Event "TCh-FRA Top 16 GpB 2023"]
[Site "Chartres FRA"]
[Date "2023.06.04"]
[Round "4.2"]
[Board "4"]
[White "Postny, Evgeny"]
[Black "Housieaux, David"]
[Result "1-0"]
[WhiteTitle "GM"]
[BlackTitle "IM"]
[WhiteElo "2549"]
[BlackElo "2397"]
[WhiteTeam "Metz Fischer"]
[BlackTeam "THF - St Quentin"]
[WhiteFideId "2804344"]
[BlackFideId "617938"]
[EventDate "2023.06.01"]

1. d4 Nf6 2. c4 g6 3. Nc3 Bg7 4. e4 d6 5. Be2 O-O 6. Be3 Nc6 7. d5 Ne5 8. f4
Neg4 9. Bd2 Nh6 10. Nf3 c6 11. a4 e6 12. dxe6 Bxe6 13. Ng5 d5 14. cxd5 cxd5 15.
e5 Nd7 16. O-O Nf5 17. Kh1 Nd4 18. Nb5 Nc6 19. Nxe6 fxe6 20. Bg4 Re8 21. Nd6 Re7
22. Nxb7 Qb6 23. Nd6 Qxb2 24. Nb5 d4 25. Bf3 Rc8 26. Rc1 Ndb8 27. Rc2 1-0

[Event "TCh-FRA Top 16 GpB 2023"]
[Site "Chartres FRA"]
[Date "2023.06.04"]
[Round "4.2"]
[Board "5"]
[White "Brochet, Philippe"]
[Black "Lazarev, Vladimir"]
[Result "1/2-1/2"]
[WhiteTitle "IM"]
[BlackTitle "GM"]
[WhiteElo "2399"]
[BlackElo "2496"]
[WhiteTeam "THF - St Quentin"]
[BlackTeam "Metz Fischer"]
[WhiteFideId "602469"]
[BlackFideId "4113250"]
[EventDate "2023.06.01"]

1. e4 c5 2. Nf3 e6 3. d4 cxd4 4. Nxd4 a6 5. c4 Nf6 6. Nc3 Qc7 7. a3 b6 8. Be3
Bb7 9. f3 d6 10. Be2 Be7 11. O-O Nbd7 12. Rc1 O-O 13. b4 Rfc8 14. Nb3 Rab8 15.
Qd2 Qd8 16. Rfd1 Qf8 17. Na4 Ba8 18. c5 dxc5 19. Bxa6 Rd8 20. Qf2 cxb4 21. axb4
Bxb4 22. Nxb6 Ba3 23. Ra1 Bd6 24. Nxd7 Nxd7 25. Nd4 h6 26. Bc4 Be5 27. Rac1 Qe7
28. Ne2 Nf6 29. Bd4 Bxd4 30. Nxd4 Qb4 31. Ba2 Qb6 32. Bb1 Rd7 33. e5 Nd5 34. h4
Nf4 35. Kh2 Rbd8 36. Rc4 Bb7 37. g3 Nd5 38. Be4 Qa7 39. Rdc1 Ne7 40. Rc7 Rxd4
41. Rxb7 Qa5 42. Kh3 R4d7 1/2-1/2

[Event "TCh-FRA Top 16 GpB 2023"]
[Site "Chartres FRA"]
[Date "2023.06.04"]
[Round "4.2"]
[Board "6"]
[White "Migot, Tangi"]
[Black "Dionisi, Thomas"]
[Result "0-1"]
[WhiteTitle "IM"]
[BlackTitle "IM"]
[WhiteElo "2373"]
[BlackElo "2395"]
[WhiteTeam "Metz Fischer"]
[BlackTeam "THF - St Quentin"]
[WhiteFideId "662445"]
[BlackFideId "651893"]
[EventDate "2023.06.01"]

1. e4 e5 2. Nf3 Nc6 3. Bb5 a6 4. Ba4 d6 5. d4 b5 6. Bb3 Nxd4 7. Nxd4 exd4 8. Bd5
Rb8 9. Bc6+ Bd7 10. Bxd7+ Qxd7 11. Qxd4 Nf6 12. O-O Be7 13. a4 O-O 14. axb5 axb5
15. Nc3 b4 16. Nd5 Nxd5 17. Qxd5 Rb5 18. Qd3 Qc6 19. Be3 Bf6 20. Ra7 d5 21. exd5
Rxd5 22. Rxc7 Qxc7 23. Qxd5 Qxc2 24. g4 Qxb2 25. g5 Bc3 26. Bc5 Re8 27. Qc6 Qe2
28. Be3 Qg4+ 29. Kh1 Rc8 30. Qd5 g6 31. Rb1 Qe2 32. Qe4 Rd8 33. Kg2 Qb5 34. h4
Re8 35. Qf3 Qd3 36. Rd1 Qc4 37. Rd7 b3 38. Rb7 b2 39. Qd1 Qe4+ 40. Qf3 b1=Q 0-1

[Event "TCh-FRA Top 16 GpB 2023"]
[Site "Chartres FRA"]
[Date "2023.06.04"]
[Round "4.2"]
[Board "7"]
[White "Chabanon, Jean-Luc"]
[Black "Pucher, Olivier"]
[Result "1/2-1/2"]
[WhiteTitle "GM"]
[BlackTitle "FM"]
[WhiteElo "2435"]
[BlackElo "2281"]
[WhiteTeam "THF - St Quentin"]
[BlackTeam "Metz Fischer"]
[WhiteFideId "600075"]
[BlackFideId "620203"]
[EventDate "2023.06.01"]

1. d4 d5 2. c4 e6 3. Nc3 a6 4. cxd5 exd5 5. Nf3 c6 6. Bf4 Bd6 7. Bxd6 Qxd6 8. e3
Ne7 9. Qb3 O-O 10. Bd3 Nd7 11. Rc1 Nf6 12. Qa3 Qd8 13. Nd2 Bf5 14. Be2 Nc8 15.
O-O Nd6 16. Rfe1 Re8 17. Nf1 g5 18. Qb3 h5 19. Qd1 h4 20. h3 Re6 21. Bd3 Bxd3
22. Qxd3 Qf8 23. f3 Rae8 24. Rc2 Nh5 25. Rce2 f5 26. Nd1 1/2-1/2

[Event "TCh-FRA Top 16 GpB 2023"]
[Site "Chartres FRA"]
[Date "2023.06.04"]
[Round "4.2"]
[Board "8"]
[White "Schippke, Manon"]
[Black "Monpeurt, Cyrielle"]
[Result "0-1"]
[WhiteTitle "WFM"]
[BlackTitle "WFM"]
[WhiteElo "2097"]
[BlackElo "2147"]
[WhiteTeam "Metz Fischer"]
[BlackTeam "THF - St Quentin"]
[WhiteFideId "45100446"]
[BlackFideId "677400"]
[EventDate "2023.06.01"]

1. e4 e5 2. Nf3 Nc6 3. Bc4 Bc5 4. c3 Nf6 5. d3 O-O 6. O-O d6 7. h3 a6 8. Bb3 Ba7
9. Re1 Be6 10. Nbd2 Bxb3 11. Qxb3 Rb8 12. Nf1 Nh5 13. Bg5 Qd7 14. Rad1 Qe6 15.
Be3 Bxe3 16. Nxe3 Qxb3 17. axb3 Ne7 18. d4 f6 19. g3 Ra8 20. b4 a5 21. b5 b6 22.
Kg2 g6 23. Ra1 Ng7 24. Ra4 Ne6 25. Rea1 exd4 26. cxd4 f5 27. e5 dxe5 28. dxe5
Nc5 29. Rc4 a4 30. Rd1 Rfd8 31. Rcd4 Rxd4 32. Rxd4 h6 33. Nc4 Kf7 34. Ne1 Ne6
35. Rd2 f4 36. g4 g5 37. Kf3 Nc5 38. Nc2 Ng6 39. Nd4 Rd8 40. Ke2 Rd5 41. Nf5
Rxd2+ 42. Kxd2 Ke6 43. f3 Nxe5 44. Nxe5 Kxe5 45. Kc3 h5 46. Nd4 h4 47. Kc4 Nb3
48. Nxb3 axb3 49. Kc3 Kd5 50. Kd3 Kc5 51. Kc3 Kxb5 52. Kxb3 c5 53. Kc3 c4 54.
Kd4 0-1

[Event "TCh-FRA Top 16 GpB 2023"]
[Site "Chartres FRA"]
[Date "2023.06.04"]
[Round "4.3"]
[Board "1"]
[White "Girel, Joseph"]
[Black "Lupulescu, Constantin"]
[Result "1/2-1/2"]
[WhiteTitle "IM"]
[BlackTitle "GM"]
[WhiteElo "2413"]
[BlackElo "2573"]
[WhiteTeam "Marseille Echecs"]
[BlackTeam "Grasse Echecs"]
[WhiteFideId "36033561"]
[BlackFideId "1207822"]
[EventDate "2023.06.01"]

1. e4 c5 2. Nf3 e6 3. d4 cxd4 4. Nxd4 Nf6 5. Nc3 Nc6 6. Nxc6 bxc6 7. e5 Nd5 8.
Ne4 Qc7 9. f4 Qb6 10. c4 Bb4+ 11. Ke2 f5 12. Nf2 Ba6 13. Kf3 Ne7 14. Be3 Bc5 15.
Bxc5 Qxc5 16. Qd6 Qa5 17. Be2 g5 18. g3 Nc8 19. Qd3 Nb6 20. b3 gxf4 21. gxf4 c5
22. Rhd1 Rg8 23. Qd2 Qxd2 24. Rxd2 Bb7+ 25. Ke3 Rg2 26. Nd3 Rxh2 27. Nxc5 Rh3+
28. Kf2 Bc6 29. Rg1 Kf7 30. Rg5 Rh2+ 31. Ke3 Rh3+ 32. Kf2 Rh2+ 33. Ke3 Rh3+ 34.
Kd4 1/2-1/2

[Event "TCh-FRA Top 16 GpB 2023"]
[Site "Chartres FRA"]
[Date "2023.06.04"]
[Round "4.3"]
[Board "2"]
[White "Saric, Ivan"]
[Black "Bacrot, Alexandre"]
[Result "1/2-1/2"]
[WhiteTitle "GM"]
[WhiteElo "2670"]
[BlackElo "2390"]
[WhiteTeam "Grasse Echecs"]
[BlackTeam "Marseille Echecs"]
[WhiteFideId "14508150"]
[BlackFideId "26076837"]
[EventDate "2023.06.01"]

1. d4 d5 2. c4 e6 3. Nc3 Nf6 4. cxd5 exd5 5. Bg5 Nbd7 6. e3 Be7 7. Bd3 h6 8. Bf4
c6 9. h3 a6 10. Nf3 b5 11. O-O O-O 12. Rc1 Re8 13. e4 dxe4 14. Nxe4 Nf8 15.
Nxf6+ Bxf6 16. Rxc6 Bb7 17. Rd6 Qe7 18. d5 Ng6 19. Re1 Nxf4 20. Rxe7 Bxe7 21.
Rd7 Bxd5 22. Rxd5 Nxd5 23. Be4 Nf6 24. Bxa8 Rxa8 25. Ne5 Rd8 26. Qc2 Bd6 27. f4
Re8 28. Qc6 Bxe5 29. fxe5 Re6 30. Qc8+ Ne8 31. h4 h5 32. Kf2 g6 33. Kf3 Kh7 34.
Qb7 Kg8 35. Qb8 Kh7 36. Ke2 f6 37. Qc8 Ng7 38. Kd3 fxe5 39. Ke4 Rf6 40. g3 Rf2
41. Qc3 Ne8 42. Kxe5 Nf6 43. Ke6 Ng4 44. a3 Kg8 45. b3 Rf5 46. Qd4 Kh7 47. Kd6
Kg8 48. Kc6 Rf6+ 49. Kb7 Re6 50. Qd7 Rf6 51. Qd5+ Kf8 52. a4 bxa4 53. bxa4 Ke7
54. Kc7 Re6 55. a5 Nf6 56. Qc5+ Kf7 57. Kb7 Ne4 58. Qd5 Nxg3 59. Kc8 Ne4 60. Kd8
Kf6 61. Qd4+ Kf5 62. Qd5+ Kf6 63. Qd4+ Re5 1/2-1/2

[Event "TCh-FRA Top 16 GpB 2023"]
[Site "Chartres FRA"]
[Date "2023.06.04"]
[Round "4.3"]
[Board "4"]
[White "Wirig, Anthony"]
[Black "Martinez Reyes, Pedro Ramon"]
[Result "1/2-1/2"]
[WhiteTitle "GM"]
[BlackTitle "FM"]
[WhiteElo "2518"]
[BlackElo "2376"]
[WhiteTeam "Grasse Echecs"]
[BlackTeam "Marseille Echecs"]
[WhiteFideId "615013"]
[BlackFideId "3901807"]
[EventDate "2023.06.01"]

1. d4 d5 2. c4 dxc4 3. e3 Nf6 4. Bxc4 e6 5. Nf3 c5 6. O-O a6 7. b3 cxd4 8. Nxd4
Be7 9. Bb2 O-O 10. Nd2 b5 1/2-1/2

[Event "TCh-FRA Top 16 GpB 2023"]
[Site "Chartres FRA"]
[Date "2023.06.04"]
[Round "4.3"]
[Board "5"]
[White "Ruperez Benito, Antonio"]
[Black "Barbot, Pierre1"]
[Result "1/2-1/2"]
[WhiteTitle "FM"]
[BlackTitle "IM"]
[WhiteElo "2307"]
[BlackElo "2458"]
[WhiteTeam "Marseille Echecs"]
[BlackTeam "Grasse Echecs"]
[WhiteFideId "22245049"]
[BlackFideId "663727"]
[EventDate "2023.06.01"]

1. e4 e5 2. Nf3 Nc6 3. Bc4 Bc5 4. c3 Nf6 5. d3 O-O 6. O-O d5 7. exd5 Nxd5 8. a4
Nb6 9. Bb5 Ne7 10. a5 c6 11. axb6 cxb5 12. Rxa7 Rxa7 13. bxa7 Bxa7 1/2-1/2

[Event "TCh-FRA Top 16 GpB 2023"]
[Site "Chartres FRA"]
[Date "2023.06.04"]
[Round "4.3"]
[Board "6"]
[White "Sochacki, Christophe"]
[Black "Lamaze, Simon"]
[Result "1/2-1/2"]
[WhiteTitle "GM"]
[BlackTitle "FM"]
[WhiteElo "2450"]
[BlackElo "2377"]
[WhiteTeam "Grasse Echecs"]
[BlackTeam "Marseille Echecs"]
[WhiteFideId "662569"]
[BlackFideId "36069264"]
[EventDate "2023.06.01"]

1. e4 c5 2. Nf3 e6 3. d4 cxd4 4. Nxd4 Nf6 5. Nc3 Nc6 6. g3 d5 7. Bg2 Bc5 8. Nb3
Bb4 9. O-O Bxc3 10. bxc3 O-O 11. Bg5 h6 12. exd5 exd5 13. Bxf6 Qxf6 14. Qxd5
Qxc3 15. Qc5 Qf6 16. Rad1 Be6 17. Nd4 Nxd4 18. Qxd4 Qxd4 19. Rxd4 Rac8 20. Bxb7
Rxc2 21. a4 Rb8 22. Bd5 Bxd5 23. Rxd5 Ra2 24. Ra5 Rb4 25. Rxa7 Rbxa4 26. Rxa4
Rxa4 27. Re1 Ra6 1/2-1/2

[Event "TCh-FRA Top 16 GpB 2023"]
[Site "Chartres FRA"]
[Date "2023.06.04"]
[Round "4.3"]
[Board "7"]
[White "Baroyan, Davit"]
[Black "Demuth, Adrien"]
[Result "1/2-1/2"]
[BlackTitle "GM"]
[WhiteElo "2202"]
[BlackElo "2485"]
[WhiteTeam "Marseille Echecs"]
[BlackTeam "Grasse Echecs"]
[WhiteFideId "26033607"]
[BlackFideId "642274"]
[EventDate "2023.06.01"]

1. e4 e5 2. Nf3 d6 3. d4 exd4 4. Nxd4 Nf6 5. Nc3 Be7 6. g3 d5 7. e5 Ng4 8. Bg2
c6 9. Bf4 g5 10. e6 h5 11. h3 Nxf2 12. Qf3 Nxh1 13. Bxb8 O-O 14. Be5 f6 15. Qd3
fxe5 16. Qg6+ Kh8 17. Qh6+ Kg8 18. Qg6+ Kh8 19. Qh6+ Kg8 20. Qg6+ 1/2-1/2

[Event "TCh-FRA Top 16 GpB 2023"]
[Site "Chartres FRA"]
[Date "2023.06.04"]
[Round "4.3"]
[Board "8"]
[White "Milliet, Sophie"]
[Black "Delorme, Laurie"]
[Result "1-0"]
[WhiteTitle "IM"]
[BlackTitle "WIM"]
[WhiteElo "2384"]
[BlackElo "2086"]
[WhiteTeam "Grasse Echecs"]
[BlackTeam "Marseille Echecs"]
[WhiteFideId "623725"]
[BlackFideId "630829"]
[EventDate "2023.06.01"]

1. e4 e5 2. Nf3 Nc6 3. Bb5 g6 4. d4 exd4 5. Bg5 Be7 6. Bxe7 Qxe7 7. O-O Qb4 8.
Bxc6 dxc6 9. Qxd4 Qxd4 10. Nxd4 Bd7 11. Nc3 O-O-O 12. Rad1 Ne7 13. Rfe1 c5 14.
Nde2 Nc6 15. Nd5 g5 16. Rd2 Ne5 17. Red1 c6 18. Nf6 h6 19. Nxd7 Rxd7 20. Rxd7
Nxd7 21. Ng3 Re8 22. Nf5 Re6 23. Nd6+ Kc7 24. Nxf7 Rf6 25. e5 Rxf7 26. e6 Rf5
27. Rxd7+ Kc8 28. g3 Re5 29. Re7 g4 30. h3 h5 31. hxg4 hxg4 32. Kf1 a5 33. Rg7
Re4 34. e7 Kd7 35. e8=Q+ Kxe8 36. Rxb7 a4 37. a3 Kd8 38. Rf7 Ke8 39. Rf4 1-0

[Event "TCh-FRA Top 16 GpB 2023"]
[Site "Chartres FRA"]
[Date "2023.06.04"]
[Round "4.4"]
[Board "1"]
[White "Alekseenko, Kirill"]
[Black "Bluebaum, Matthias"]
[Result "1/2-1/2"]
[WhiteTitle "GM"]
[BlackTitle "GM"]
[WhiteElo "2686"]
[BlackElo "2672"]
[WhiteTeam "Asnieres Le Grand Echiquier"]
[BlackTeam "Mulhouse Philidor"]
[WhiteFideId "4135539"]
[BlackFideId "24651516"]
[EventDate "2023.06.01"]

1. e4 e5 2. Nf3 Nf6 3. Nxe5 d6 4. Nf3 Nxe4 5. d4 d5 6. Bd3 Bf5 7. O-O Be7 8. Re1
O-O 9. h3 Nc6 10. Nbd2 Nxd2 11. Qxd2 Qd7 12. Bb5 Qd6 13. Qc3 Bf6 14. Bxc6 bxc6
15. Bg5 Bxg5 16. Nxg5 Qg6 17. Nf3 Be4 18. Re2 Rae8 19. Rae1 Re6 20. g3 Qh5 21.
Nd2 Qxh3 22. Nxe4 dxe4 23. Rxe4 Rh6 24. Qf3 Qh2+ 25. Kf1 Qh3+ 26. Qg2 Qf5 27.
Kg1 Rd6 28. c3 Qd5 29. Re8 Qxa2 30. Qe4 g6 31. Qf4 Rxe8 32. Rxe8+ Kg7 33. Qe5+
Rf6 34. Qe7 Re6 35. Qf8+ Kf6 36. Qh8+ Kf5 37. Rxe6 Qxe6 38. Qxh7 Ke4 39. Qh4+
Kd3 40. Qf4 Kc2 41. Qxc7 Kxb2 42. Qxa7 Kxc3 43. Qa1+ Kd2 44. Qa6 Qd5 45. Qa4 f5
46. Qa6 g5 47. Qa4 f4 48. gxf4 gxf4 49. Qb4+ Kd3 50. Qa4 f3 51. Kh2 Qxd4 52.
Qa6+ Qc4 53. Qa3+ Qc3 54. Qa6+ Kd2 55. Kg3 c5 56. Qh6+ Kc2 57. Qg6+ Qd3 58. Qc6
c4 59. Qa4+ Qb3 60. Qe8 Kd1 61. Qd7+ Kc1 62. Qd5 Qd3 63. Qb5 Qb3 64. Qd5 Kc2 65.
Qd7 Qc3 66. Qa4+ Kb2 67. Qb5+ Qb3 68. Qe5+ c3 69. Kxf3 Ka2 70. Ke3 Qc4 71. Qa5+
Kb1 72. Qb6+ Kc1 73. Qa5 Qe6+ 74. Kd3 Qd6+ 75. Kc4 c2 76. Qa1+ Kd2 77. Qc3+ Kd1
78. Qf3+ Kc1 79. Kb3 Qb6+ 80. Kc3 Qa5+ 81. Kb3 Qb5+ 82. Kc3 Kb1 83. Qe4 Qc5+ 84.
Kb3 Qxf2 85. Kc3 Qc5+ 86. Kd2 Qa5+ 87. Ke2 Kb2 88. Qb7+ Ka2 89. Qf7+ Ka1 90.
Qg7+ Ka2 91. Qf7+ Kb1 92. Qb7+ Kc1 93. Qh1+ Kb2 94. Qb7+ Ka3 95. Qe7+ Kb3 96.
Qb7+ Kc3 97. Qg7+ Kc4 98. Qf7+ Kb4 99. Qe7+ Ka4 100. Qd7+ Ka3 101. Qe7+ Qb4 102.
Qxb4+ Kxb4 103. Kd2 Kb3 104. Kc1 Kc3 1/2-1/2

[Event "TCh-FRA Top 16 GpB 2023"]
[Site "Chartres FRA"]
[Date "2023.06.04"]
[Round "4.4"]
[Board "2"]
[White "Nihal, Sarin"]
[Black "Harikrishna, Pentala"]
[Result "1/2-1/2"]
[WhiteTitle "GM"]
[BlackTitle "GM"]
[WhiteElo "2681"]
[BlackElo "2704"]
[WhiteTeam "Mulhouse Philidor"]
[BlackTeam "Asnieres Le Grand Echiquier"]
[WhiteFideId "25092340"]
[BlackFideId "5007003"]
[EventDate "2023.06.01"]

1. e4 e5 2. Nf3 Nc6 3. Bb5 Nf6 4. d3 Bc5 5. Bxc6 dxc6 6. h3 Nd7 7. Nc3 Bd6 8.
Be3 Qe7 9. Ne2 b6 10. O-O g6 11. Nd2 Bb7 12. Nc4 O-O-O 13. Nxd6+ Qxd6 14. f4 f5
15. exf5 gxf5 16. fxe5 Nxe5 17. Bf4 Rhg8 18. Rf2 c5 19. Qf1 Qf6 20. Bxe5 Qxe5
21. b3 Qe3 22. Nf4 Rde8 23. Rd1 Bf3 24. Rb1 Bc6 25. Qc1 Qd4 26. Qd2 Re3 27. Re1
Rxe1+ 28. Qxe1 Re8 29. Qd2 Kb7 30. a4 a5 31. Ne2 Qg7 32. Nf4 Qd4 33. Ne2 Qg7 34.
Nf4 Qa1+ 35. Rf1 Qe5 36. Rf2 Qa1+ 37. Rf1 Qf6 38. Rf2 Qg7 39. Re2 Qd4+ 40. Kf1
Rg8 41. Re7 Rg7 42. Rxg7 Qxg7 43. Kf2 Qd4+ 44. Ke2 Qe5+ 45. Qe3 Qc3 46. Qd2 Qe5+
47. Qe3 Qc3 48. Qd2 Qe5+ 1/2-1/2

[Event "TCh-FRA Top 16 GpB 2023"]
[Site "Chartres FRA"]
[Date "2023.06.04"]
[Round "4.4"]
[Board "3"]
[White "Oparin, Grigoriy"]
[Black "Mendonca, Leon Luke"]
[Result "1-0"]
[WhiteTitle "GM"]
[BlackTitle "GM"]
[WhiteElo "2687"]
[BlackElo "2623"]
[WhiteTeam "Asnieres Le Grand Echiquier"]
[BlackTeam "Mulhouse Philidor"]
[WhiteFideId "24125890"]
[BlackFideId "35028561"]
[EventDate "2023.06.01"]

1. e4 c5 2. Nf3 d6 3. d4 cxd4 4. Nxd4 Nf6 5. Nc3 a6 6. Be2 e5 7. Nb3 Be7 8. Qd3
Be6 9. Nd5 Nxd5 10. exd5 Bc8 11. a4 a5 12. O-O O-O 13. f4 Nd7 14. Kh1 Bf6 15. f5
Bg5 16. Be3 b6 17. Nd2 f6 18. b3 Ra7 19. Rae1 Ba6 20. c4 Bc8 21. Bg1 Bxd2 22.
Qxd2 Nc5 23. Bd1 g6 24. Bc2 gxf5 25. Bxf5 Bxf5 26. Bxc5 bxc5 27. Rxf5 Rg7 28.
Ref1 Kh8 29. h3 Kg8 30. g4 Rgf7 31. Qh6 Qe7 32. R1f3 e4 33. Re3 Re8 34. Kg2 Qd8
35. Kg3 Re5 36. Qf4 Qe7 37. h4 Kg7 38. Kf2 Rf8 39. Ke2 Rf7 40. Rg3 Kf8 41. Rg2
Kg7 42. Rf2 Rxf5 43. Qxf5 Qb7 44. g5 Qe7 45. g6 Rf8 46. gxh7 Kh8 47. Qe6 Qg7 48.
Qxe4 f5 49. Rxf5 Qb2+ 50. Kf3 Rxf5+ 51. Qxf5 Qxb3+ 52. Kg4 Qxc4+ 53. Kg5 Qd4 54.
Qf8+ Kxh7 55. Qh6+ Kg8 56. Qe6+ Kh7 57. Qg6+ Kh8 58. Qxd6 Qd2+ 59. Kg6 Qd3+ 60.
Kf6 Qf3+ 61. Ke7 Qe4+ 62. Qe6 Qh7+ 63. Qf7 c4 64. d6 Qe4+ 65. Qe6 Qh7+ 66. Kf8
Qg7+ 67. Ke8 c3 68. d7 c2 69. d8=Q c1=Q 70. Qf7 Kh7 71. Qd3+ Kh8 72. Qh5+ Qch6
73. Qxh6+ Qxh6 74. Qd4+ Kh7 75. Qe4+ Kg8 76. Qd5+ Kh8 77. Qe5+ Kg8 78. Qg5+ Qxg5
79. hxg5 Kg7 80. Kd7 1-0

[Event "TCh-FRA Top 16 GpB 2023"]
[Site "Chartres FRA"]
[Date "2023.06.04"]
[Round "4.4"]
[Board "4"]
[White "Sokolov, Andrei1"]
[Black "Vachier-Lagrave, Maxime"]
[Result "1/2-1/2"]
[WhiteTitle "GM"]
[BlackTitle "GM"]
[WhiteElo "2464"]
[BlackElo "2747"]
[WhiteTeam "Mulhouse Philidor"]
[BlackTeam "Asnieres Le Grand Echiquier"]
[WhiteFideId "627089"]
[BlackFideId "623539"]
[EventDate "2023.06.01"]

1. e4 e5 2. Nf3 Nc6 3. Bb5 a6 4. Ba4 d6 5. c4 Bg4 6. Nc3 Nf6 7. h3 Bxf3 8. Qxf3
Nd7 9. Bxc6 bxc6 10. Qd1 Be7 11. Qa4 c5 12. d3 O-O 13. O-O Qc8 14. Nd5 Bd8 15.
Bd2 Rb8 16. Bc3 c6 17. Ne3 g6 18. Rae1 Bg5 19. Qd1 Nf6 20. Kh2 h5 21. b3 h4 22.
Bd2 Qd8 23. g3 Rb7 24. Ng2 Nh5 25. g4 Ng7 26. Bxg5 Qxg5 27. f4 exf4 28. Qf3 a5
29. Qxf4 Qxf4+ 30. Rxf4 a4 31. bxa4 Rb2 32. Ref1 Rxa2 33. R4f2 Rxa4 34. Nxh4 Ne6
35. Nf3 Ra3 36. Rd1 Rb8 37. Kg3 Rbb3 38. Rfd2 g5 39. h4 Nf4 40. Ne1 Ng6 41. hxg5
Ne5 42. Kf2 Kg7 43. Ke2 Kg6 44. Nf3 Nxc4 45. dxc4 Re3+ 46. Kf1 Rxf3+ 47. Rf2
Kxg5 48. Rxd6 Kxg4 49. Kg2 Rg3+ 50. Kh2 Rh3+ 51. Kg2 Rag3+ 52. Kf1 Rh1+ 53. Ke2
Ra3 54. Rd3 Raa1 55. Rd2 Rhe1+ 56. Kd3 Ra3+ 57. Kc2 Ra7 58. Kd3 Rg1 59. e5 Kg5
60. Rde2 Rg3+ 61. Kc2 Rg4 62. Kb3 Rb7+ 63. Kc3 Rg3+ 64. Kc2 Ra3 65. e6 fxe6 66.
Re5+ Kg4 67. Rf6 Ra2+ 68. Kc1 Rh7 69. Kb1 Rd2 70. Rfxe6 Rhh2 71. Re4+ Kf3 72.
Re3+ Kf2 73. Rc3 Rh1+ 74. Rc1 1/2-1/2

[Event "TCh-FRA Top 16 GpB 2023"]
[Site "Chartres FRA"]
[Date "2023.06.04"]
[Round "4.4"]
[Board "5"]
[White "Cornette, Matthieu"]
[Black "Rakotomaharo, Fy Antenaina"]
[Result "1-0"]
[WhiteTitle "GM"]
[BlackTitle "IM"]
[WhiteElo "2578"]
[BlackElo "2462"]
[WhiteTeam "Asnieres Le Grand Echiquier"]
[BlackTeam "Mulhouse Philidor"]
[WhiteFideId "620084"]
[BlackFideId "13100050"]
[EventDate "2023.06.01"]

1. e4 c5 2. Nf3 e6 3. d4 cxd4 4. Nxd4 Nc6 5. Nc3 Nf6 6. Qd3 Bb4 7. a3 Bxc3+ 8.
Qxc3 Nxe4 9. Nxc6 bxc6 10. Qxg7 Qf6 11. Qxf6 Nxf6 12. Bf4 d5 13. a4 Nd7 14. Bd6
a5 15. Ra3 Ba6 16. Rb3 Rg8 17. Bxa6 Rxa6 18. O-O Rg4 19. Rh3 c5 20. Bg3 Rxa4 21.
Rxh7 e5 22. Rh8+ Ke7 23. h4 Rg4 24. h5 f5 25. h6 Rgg6 26. Bh4+ Kd6 27. h7 Rh6
28. Bg5 Rh5 29. Rg8 1-0

[Event "TCh-FRA Top 16 GpB 2023"]
[Site "Chartres FRA"]
[Date "2023.06.04"]
[Round "4.4"]
[Board "6"]
[White "Terrieux, Kevin"]
[Black "Moussard, Jules"]
[Result "1/2-1/2"]
[WhiteTitle "IM"]
[BlackTitle "GM"]
[WhiteElo "2446"]
[BlackElo "2655"]
[WhiteTeam "Mulhouse Philidor"]
[BlackTeam "Asnieres Le Grand Echiquier"]
[WhiteFideId "622591"]
[BlackFideId "642908"]
[EventDate "2023.06.01"]

1. e4 c5 2. Nf3 e6 3. c3 d5 4. exd5 Qxd5 5. d4 Nf6 6. Be2 Nc6 7. O-O Be7 8. c4
Qd8 9. dxc5 Qxd1 10. Rxd1 Ne4 11. Be3 e5 12. Nfd2 Nxc5 13. Nc3 f5 14. Nd5 Ne6
15. Nb3 Bd8 16. f4 O-O 17. fxe5 f4 18. Bf2 Nxe5 19. Nd4 Ng5 20. Nf3 Nexf3+ 21.
Bxf3 Nxf3+ 22. gxf3 b6 23. Rd4 g5 24. Re1 Kf7 25. Rde4 Bf5 26. Re5 Kg6 27. Bd4
h6 28. h4 Rc8 29. b3 Bd7 30. Ne7+ Bxe7 31. Rxe7 Rce8 32. Kf2 Rxe7 33. Rxe7 Bf5
34. hxg5 Rd8 35. Rg7+ Kh5 36. Be5 hxg5 37. Bf6 Rd2+ 38. Ke1 Rg2 39. Rxa7 Bb1 40.
Bd4 Bxa2 41. Bf2 Bxb3 42. Kf1 Rxf2+ 43. Kxf2 Bxc4 44. Rb7 b5 45. Rb6 g4 46.
fxg4+ Kxg4 47. Rb8 f3 48. Rb6 Be2 49. Rb8 Kf4 50. Rb6 Ke4 51. Rb8 Kd4 52. Rxb5
Bxb5 53. Kxf3 1/2-1/2

[Event "TCh-FRA Top 16 GpB 2023"]
[Site "Chartres FRA"]
[Date "2023.06.04"]
[Round "4.4"]
[Board "7"]
[White "Degraeve, Jean-Marc"]
[Black "Papadiamandis, Elliot"]
[Result "1/2-1/2"]
[WhiteTitle "GM"]
[BlackTitle "IM"]
[WhiteElo "2463"]
[BlackElo "2320"]
[WhiteTeam "Asnieres Le Grand Echiquier"]
[BlackTeam "Mulhouse Philidor"]
[WhiteFideId "600270"]
[BlackFideId "36074160"]
[EventDate "2023.06.01"]

1. e4 c5 2. c3 Nf6 3. e5 Nd5 4. d4 cxd4 5. Nf3 e6 6. cxd4 d6 7. Bc4 Nc6 8. O-O
Be7 9. Qe2 O-O 10. Rd1 Bd7 11. Bd2 Rc8 12. Nc3 Nxc3 13. Bxc3 Qb6 14. exd6 Bxd6
15. d5 exd5 16. Rxd5 Nb4 17. Rg5 g6 18. Qe4 Bf5 19. Rxf5 gxf5 20. Qxf5 Bxh2+ 21.
Nxh2 Rxc4 22. Bf6 Qc5 23. Ng4 Re8 24. Qd7 Kf8 25. Bc3 Nd5 26. Ne5 Rf4 27. Nd3
Nxc3 28. Nxc5 Ne2+ 29. Kf1 Ng3+ 30. Kg1 Ne2+ 31. Kf1 1/2-1/2